10 Biggest Cities in Each Israeli District on a Map - Statistics

General Stats
  • This quiz has been taken 88 times
  • The average score is 25 of 60
Answers on the Map
Answers color-coded by a green-red scale on the quiz's map according to % correct below.
 
Answer Stats
District Population Answer % Correct
Jerusalem District 971,800 Jerusalem
100%
Tel Aviv District 467,875 Tel Aviv-Yafo
99%
Haifa District 282,832 Haifa
94%
Central District 228,204 Netanya
84%
Southern District 149,160 Ashkelon
79%
Southern District 52,753 Eilat
78%
Southern District 225,975 Ashdod
76%
Southern District 212,532 Beersheba
76%
Northern District 77,925 Nazareth
72%
Central District 253,529 Petah Tikva
68%
Central District 257,128 Rishon LeZion
66%
Tel Aviv District 197,464 Holon
63%
Tel Aviv District 170,822 Ramat Gan
62%
Northern District 49,614 Acre
60%
Southern District 30,553 Sderot
60%
Tel Aviv District 129,012 Bat Yam
57%
Tel Aviv District 214,444 Bnei Brak
57%
Central District 82,629 Lod
53%
Southern District 36,192 Dimona
51%
Central District 97,097 Modi'in-Maccabim-Re'ut
49%
Central District 152,084 Rehovot
49%
Tel Aviv District 103,318 Herzliya
47%
Northern District 49,876 Tiberias
47%
Haifa District 101,665 Hadera
46%
Central District 110,456 Kfar Saba
46%
Southern District 47,863 Netivot
44%
Central District 79,381 Ra'anana
44%
Southern District 34,666 Ofakim
43%
Tel Aviv District 47,970 Ramat HaSharon
43%
Northern District 60,052 Afula
41%
Southern District 65,610 Kiryat Gat
41%
Northern District 66,332 Nahariya
41%
Southern District 76,247 Rahat
41%
Central District 77,798 Ramla
41%
Northern District 37,797 Safed
41%
Haifa District 39,441 Kiryat Yam
38%
Jerusalem District 147,212 Beit Shemesh
37%
Northern District 46,311 Karmiel
35%
Tel Aviv District 43,317 Kiryat Ono
34%
Haifa District 60,102 Kiryat Ata
32%
Tel Aviv District 61,281 Giv'atayim
28%
Haifa District 44,970 Kiryat Bialik
28%
Haifa District 46,565 Kiryat Motzkin
25%
Tel Aviv District 38,854 Or Yehuda
24%
Northern District 43,556 Nof HaGalil
22%
Haifa District 57,677 Umm al-Fahm
22%
Central District 72,881 Rosh HaAyin
21%
Jerusalem District 7,880 Abu Gosh
16%
Jerusalem District 24,943 Mevaseret Zion
15%
Haifa District 44,210 Pardes Hanna-Karkur
13%
Haifa District 34,506 Harish
12%
Northern District 43,023 Shfar'am
9%
Jerusalem District 6,471 Kiryat Ye'arim
7%
Haifa District 30,973 Baqa al gharbiyye
4%
Northern District 35,405 Tamra
4%
Jerusalem District 1,655 Beit Zayit
3%
Jerusalem District 1,524 Motza Illit
3%
Jerusalem District 11,930 Tzur Hadassah
1%
Jerusalem District 3,680 Ein Naqquba
0%
Jerusalem District 1,505 Nehusha
0%
No matching quizzes found
Score Distribution
Percent of People with Each Score
Percentile by Number Answered
Your Score History
You have not taken this quiz